000 00661cam a22002413a 4500
001 363
003 PGUSA
005 20140828082947.0
008 080711s2008||||xxu|||||s|||||000 1 eng d
040 _aPGUSA
_beng
042 _adc
050 4 _aPS
100 1 _aBurroughs, Edgar Rice,
_d1875-1950
245 1 4 _aThe Oakdale Affair
_h[electronic resource] /
_cEdgar Rice Burroughs
260 _bProject Gutenberg,
_c2008
506 _aPublic domain in the USA.
516 _aElectronic text
653 _aMystery fiction
653 _aAdventure stories
830 0 _aProject Gutenberg
_v363
856 4 0 _uhttp://www.gutenberg.org/ebooks/363
942 _cEB
999 _c229714
_d229714